| 000 | 01273cam a2200301 4500 | ||
|---|---|---|---|
| 008 | 031013n2003 000 0 eng u | ||
| 020 | _a0721908128 | ||
| 035 | _a(Sirsi) u123909 | ||
| 041 | _aeng | ||
| 050 |
_a346.41043 _c18 |
||
| 100 | _aClayden, Paul | ||
| 245 | 4 | _aThe law of mobile homes and caravans | |
| 250 | _a2nd ed. | ||
| 260 |
_aCrayford _bShaw & Sons _c2003 |
||
| 300 |
_axxiv, 200p. _c22cm. |
||
| 350 | _a24.95 | ||
| 520 | _aExamines the statutory provisions relating to mobile homes and caravans and highlights changes in law, practice and policy in related areas. Part one looks at caravan site control, covering requirements and definitions, planning permission, the site licence, and the powers of enforcement, duties and responsibilities of local authorities. Part two examines the legislation surrounding caravans as homes. Part three focuses on gypsies and part four covers taxation and road traffic control. Tables of statutes, statutory instruments and cases | ||
| 650 | _aCARAVANS | ||
| 650 | _aMOBILE HOMES | ||
| 650 | _aMOBILE HOMES ACT 1983 | ||
| 650 | _aCARAVAN SITES ACT 1968 | ||
| 650 | _aLICENSING | ||
| 650 | _aPLANNING | ||
| 650 | _aLOCAL AUTHORITIES | ||
| 650 | _aCOUNCIL TAX | ||
| 690 | _aPROPERTY | ||
| 942 | _n0 | ||
| 999 |
_c103122 _d103122 |
||